000
00268 a2200097 4500
001
52798
100
_a
Allama Iqbal Open University
245
_a
Mutala-e-Pakistan (Lazmi) Degree Classes
260
_a
Islamabad
_b
Allama Iqbal Open University
_c
090
_c
33240
_d
33240
942
_a
NUST-CAE
_c
M
_c
25826
999
_c
287871
_d
287871